|
|
|
|
| LEADER |
00000nam0a2200000 4500 |
| 001 |
328778 |
| 005 |
20231102004109.0 |
| 035 |
|
|
|a (RuTPU)RU\TPU\book\354478
|
| 035 |
|
|
|a RU\TPU\book\354475
|
| 090 |
|
|
|a 328778
|
| 100 |
|
|
|a 20170222d1978 k y0rusy50 ca
|
| 101 |
0 |
|
|a rus
|
| 102 |
|
|
|a RU
|
| 105 |
|
|
|a a z 001zy
|
| 200 |
1 |
|
|a Исследования и разработка нового горного оборудования
|e [сборник]
|f Государственный проектный и научно-исследовательский институт никель-кобальтовой промышленности (Гипроникель) ; гл. ред. С. Д. Шереметьев
|
| 210 |
|
|
|a Ленинград
|c Изд-во Гипроникель
|d 1978
|
| 215 |
|
|
|a 64 с.
|c ил.
|
| 225 |
1 |
|
|a Сборник научных трудов [Гипроникель]
|v Вып. 10 (74)
|
| 320 |
|
|
|a Библиография в конце статей
|
| 606 |
1 |
|
|a Горное оборудование
|2 stltpush
|3 (RuTPU)RU\TPU\subj\7585
|9 35189
|
| 610 |
1 |
|
|a буровое оборудование
|
| 610 |
1 |
|
|a рудничное оборудование
|
| 610 |
1 |
|
|a буровые станки
|
| 610 |
1 |
|
|a подземные работы
|
| 610 |
1 |
|
|a оборудование
|
| 610 |
1 |
|
|a скважины
|
| 610 |
1 |
|
|a очистка
|
| 675 |
|
|
|a 622.002.5
|v 3
|
| 702 |
|
1 |
|a Шереметьев
|b С. Д.
|4 651
|
| 712 |
0 |
2 |
|a Государственный проектный и научно-исследовательский институт никель-кобальтовой промышленности (Гипроникель)
|2 stltpush
|3 (RuTPU)RU\TPU\col\13629
|9 25734
|
| 801 |
|
1 |
|a RU
|b 63413507
|c 20080904
|g PSBO
|
| 801 |
|
2 |
|a RU
|b 63413507
|c 20170316
|g PSBO
|
| 942 |
|
|
|c BK
|